[Event "Stay Safe Play From Home 213"]
[Site "T#646679Emanuel Laske"]
[Date "2020.06.09"]
[Round "5"]
[White "Timbre"]
[Black "little champs"]
[Result "0-1"]
[WhiteElo "1663"]
[BlackElo "2114"]
[Annotator "TA"]
[PlyCount "74"]
[EventDate "2020.06.09"]
[EventType "swiss (blitz)"]

{[%evp 15,74,0,0,0,0,0,12,12,11,29,10,-8,-8,-14,-9,-14,-12,-67,-69,-193,-178,-166,-133,-265,-268,-398,-250,-262,-48,-413,-390,-391,-406,-397,-385,-368,-335,-412,-391,-460,-465,-605,-610,-687,-617,-882,-800,-910,-906,-885,-862,-29988,-29989,-29993,-29992,-29999,-29997,-29997,-29998,-29998,-29999]} 1. d4 Nf6 2. Nf3 e6 3. c3 d5 4. Bf4 Bd6 5. Bg3 O-O 6. e3 c5 7. Bd3 Nc6 8. Nbd2 b6 9. Qe2 {D02: 1 d4 d5 2 Nf3 sidelines, including 2...Nf6 3 g3 and 2...Nf6 3 Bf4.} Bb7 10. e4 {[#] Hoping for Bxd6.} dxe4 11. Nxe4 {The position is equal.} Nxe4 12. Qxe4 {[%csl Gd3][%cal Re4h7]} g6 13. Bxd6 Qxd6 14. dxc5 Qxc5 15. O-O {[#]} Rad8 $146 ({Predecessor:} 15... Rfd8 16. Rad1 Rd7 17. Qf4 Rad8 18. Ng5 Qe5 19. Qh4 h5 20. Rde1 Qf6 {0-1 (41) Sebastian,A (1962)-Birkisson,B (2233) Kragero 2019}) 16. Bc2 (16. Qe2 $11) 16... Na5 $1 $36 {[%mdl 2048] White is under pressure.} 17. Qh4 (17. Qf4 $15) 17... Bxf3 $1 $19 18. gxf3 Rd2 19. Bb3 (19. Rac1 $17 {keeps fighting.} Qc4 20. Qxc4 Nxc4 21. b4) 19... Rxb2 20. Rae1 (20. Qf6 {was worth a try.}) 20... Qxc3 21. Re3 Qc7 $2 {[#]} ({Inferior is} 21... Rxb3 22. axb3 Qd2 23. Qe4 $11) ({Better is} 21... Qg7 $19 {aiming for ...Rd2.} 22. Rd1 Nxb3 23. axb3 Ra2) 22. Re4 $2 {[%mdl 8192]} (22. Qd4 $15 Nxb3 23. Qxb2) 22... Nxb3 23. axb3 Rxb3 24. Qh6 Rc8 25. Rh4 f5 26. Rh3 a5 {[%cal Ba7a5,Ba5a4,Ba4a3][%mdl 32]} 27. Qd2 a4 28. Qe2 e5 29. Rg3 a3 30. Qa2 Qc4 31. Qd2 Rd3 32. Qe2 Rd5 33. f4 Qxe2 {Black mates.} 34. fxe5 Rd1 {[%csl Gd1][%cal Re2f1]} 35. Re3 Rxf1+ 36. Kg2 Qxf2+ 37. Kh3 Qxe3+ {[%mdl 64] Double Attack. Accuracy: White = 29%, Black = 66%.} 0-1

[Event "Stay Safe Play From Home 213"]
[Site "T#646679Emanuel Laske"]
[Date "2020.06.09"]
[Round "5"]
[White "EnigmaG"]
[Black "Haris kollari 13"]
[Result "0-1"]
[WhiteElo "1480"]
[BlackElo "1965"]
[Annotator "NA RC"]
[PlyCount "58"]
[EventDate "2020.06.09"]
[EventType "swiss (blitz)"]

1. e4 {[%emt 0:00:02]} e6 {[%emt 0:00:01]} 2. d4 {[%emt 0:00:01]} d5 {[%emt 0:00:01]} 3. exd5 {[%emt 0:00:00]} exd5 {[%emt 0:00:01]} 4. Nf3 {[%emt 0:00:05]} Bg4 {[%emt 0:00:01]} 5. h3 {[%emt 0:00:14]} Bh5 {[%emt 0:00:02]} 6. Nc3 {[%emt 0:00:02]} c6 {[%emt 0:00:01]} 7. Bf4 {[%emt 0:00:03]} Bb4 {[%emt 0:00:02]} 8. Bd3 {[%emt 0:00:28]} Nf6 {[%emt 0:00:03]} 9. O-O {[%emt 0:00:02]} O-O {[%emt 0:00:06]} 10. a3 {[%emt 0:00:01]} Bd6 {[%emt 0:00:03]} 11. Bxd6 {[%emt 0:00:07]} Qxd6 {[%emt 0:00:01]} 12. Re1 {[%emt 0:00:06]} Nbd7 {[%emt 0:00:01]} 13. Bf5 {[%emt 0:00:09]} Rfe8 {[%emt 0:00:05]} 14. Qd3 {[%emt 0:00:02]} Bg6 {[%emt 0:00:06]} 15. Ne2 {[%emt 0:00:17]} Ne4 {[%emt 0:00:05]} 16. Bxg6 {[%emt 0:00:08]} hxg6 {[%emt 0:00:03]} 17. Nc3 {[%emt 0:00:01]} f5 {[%emt 0:00:07]} 18. Nxe4 {[%emt 0:00:13]} dxe4 {[%emt 0:00:03]} 19. Qe3 {[%emt 0:00:03]} exf3 {[%emt 0:00:02]} 20. Qxe8+ {[%emt 0:00:06]} Rxe8 {[%emt 0:00:01]} 21. Rxe8+ {[%emt 0:00:00]} Kf7 {[%emt 0:00:01]} 22. Rae1 {[%emt 0:00:01]} fxg2 {[%emt 0:00:01]} 23. Kxg2 {[%emt 0:00:01]} Nf6 {[%emt 0:00:03]} 24. R8e5 {[%emt 0:00:09]} Qxd4 {[%emt 0:00:02]} 25. c3 {[%emt 0:00:01]} Qf4 {[%emt 0:00:08]} 26. Re7+ {[%emt 0:00:02]} Kg8 {[%emt 0:00:05]} 27. Rxb7 {[%emt 0:00:01]} Ne4 {[%emt 0:00:01]} 28. f3 {[%emt 0:00:07]} Qg3+ {[%emt 0:00:03]} 29. Kh1 {[%emt 0:00:04]} Nf2# {[%emt 0:00:03] (Lag: Av=0.85s, max=5.8s)} 0-1

[Event "Stay Safe Play From Home 213"]
[Site "T#646679Emanuel Laske"]
[Date "2020.06.09"]
[Round "6"]
[White "Lazieri3"]
[Black "Haris kollari 13"]
[Result "0-1"]
[WhiteElo "1958"]
[BlackElo "1967"]
[Annotator "NA RC"]
[PlyCount "56"]
[EventDate "2020.06.09"]
[EventType "swiss (blitz)"]

1. e4 {[%emt 0:00:01]} e6 {[%emt 0:00:01]} 2. Nc3 {[%emt 0:00:00]} d5 {[%emt 0:00:01]} 3. Nf3 {[%emt 0:00:00]} d4 {[%emt 0:00:01]} 4. Ne2 {[%emt 0:00:01]} c5 {[%emt 0:00:01]} 5. d3 {[%emt 0:00:01]} Nc6 {[%emt 0:00:01]} 6. g3 {[%emt 0:00:02]} e5 {[%emt 0:00:01]} 7. Bg2 {[%emt 0:00:00]} Bg4 {[%emt 0:00:01]} 8. O-O {[%emt 0:00:00]} Qd7 {[%emt 0:00:01]} 9. c4 {[%emt 0:00:06]} Bd6 {[%emt 0:00:06]} 10. Nd2 {[%emt 0:00:07]} f6 {[%emt 0:00:02]} 11. f3 {[%emt 0:00:04]} Bh3 {[%emt 0:00:01]} 12. a3 {[%emt 0:00:01]} Nge7 {[%emt 0:00:05]} 13. f4 {[%emt 0:00:02]} Bxg2 {[%emt 0:00:03]} 14. Kxg2 {[%emt 0:00:01]} h5 {[%emt 0:00:01]} 15. Nf3 {[%emt 0:00:04]} Qc7 {[%emt 0:00:10]} 16. Nh4 {[%emt 0:00:04]} O-O-O {[%emt 0:00:06]} 17. fxe5 {[%emt 0:00:02]} Nxe5 {[%emt 0:00:04]} 18. Nf4 {[%emt 0:00:03]} g5 {[%emt 0:00:03]} 19. Ne6 {[%emt 0:00:01]} Qd7 {[%emt 0:00:08]} 20. Nxd8 {[%emt 0:00:01]} gxh4 {[%emt 0:00:02]} 21. Nxb7 {[%emt 0:00:13]} Kxb7 {[%emt 0:00:02]} 22. Rxf6 {[%emt 0:00:02]} hxg3 {[%emt 0:00:01]} 23. hxg3 {[%emt 0:00:01]} h4 {[%emt 0:00:04]} 24. Bf4 {[%emt 0:00:05]} hxg3 {[%emt 0:00:02]} 25. Qb3+ {[%emt 0:00:05]} Ka8 {[%emt 0:00:04]} 26. Rh1 {[%emt 0:00:03]} Rxh1 {[%emt 0:00:02]} 27. Kxh1 {[%emt 0:00:00]} Qh3+ {[%emt 0:00:01]} 28. Kg1 {[%emt 0:00:02]} Nf3# {[%emt 0:00:01] (Lag: Av=0.48s, max=0.6s)} 0-1

[Event "Stay Safe Play From Home 213"]
[Site "T#646679Emanuel Laske"]
[Date "2020.06.09"]
[Round "6"]
[White "Edmatuag"]
[Black "Matanant"]
[Result "1-0"]
[WhiteElo "1788"]
[BlackElo "1709"]
[Annotator "NA RC"]
[PlyCount "67"]
[EventDate "2020.06.09"]
[EventType "swiss (blitz)"]

1. e4 {[%emt 0:00:01]} e5 {[%emt 0:00:01]} 2. Nf3 {[%emt 0:00:02]} d5 {[%emt 0:00:01]} 3. Nxe5 {[%emt 0:00:02]} Bd6 {[%emt 0:00:02]} 4. Nxf7 {[%emt 0:00:08]} dxe4 {[%emt 0:00:00]} 5. Nxd8 {[%emt 0:00:02]} Kxd8 {[%emt 0:00:02]} 6. Nc3 {[%emt 0:00:09]} Nf6 {[%emt 0:00:02]} 7. Be2 {[%emt 0:00:06]} Nc6 {[%emt 0:00:05]} 8. a3 {[%emt 0:00:02]} Bf5 {[%emt 0:00:05]} 9. O-O {[%emt 0:00:06]} Ne7 {[%emt 0:00:02]} 10. d3 {[%emt 0:00:02]} exd3 {[%emt 0:00:17]} 11. Bxd3 {[%emt 0:00:00]} Bg4 {[%emt 0:00:02]} 12. Be2 {[%emt 0:00:01]} Bd7 {[%emt 0:00:03]} 13. Be3 {[%emt 0:00:06]} Kc8 {[%emt 0:00:14]} 14. Qd2 {[%emt 0:00:11]} h6 {[%emt 0:00:06]} 15. Rad1 {[%emt 0:00:06]} Rd8 {[%emt 0:00:09]} 16. Bf4 {[%emt 0:00:05]} Bc5 {[%emt 0:00:12]} 17. Bd3 {[%emt 0:00:16]} Kb8 {[%emt 0:00:28]} 18. Kh1 {[%emt 0:00:08]} a6 {[%emt 0:00:03]} 19. Qe2 {[%emt 0:00:08]} Nc6 {[%emt 0:00:12]} 20. Rfe1 {[%emt 0:00:39]} Bb6 {[%emt 0:00:32]} 21. Na4 {[%emt 0:00:08]} Ka7 {[%emt 0:00:05]} 22. Nxb6 {[%emt 0:00:02]} cxb6 {[%emt 0:00:01]} 23. c3 {[%emt 0:00:07]} Bg4 {[%emt 0:00:10]} 24. f3 {[%emt 0:00:03]} Bh5 {[%emt 0:00:06]} 25. Be4 {[%emt 0:00:03]} Be8 {[%emt 0:00:07]} 26. Qf2 {[%emt 0:00:03]} Na5 {[%emt 0:00:12]} 27. Rxd8 {[%emt 0:00:03]} Rxd8 {[%emt 0:00:02]} 28. Bc7 {[%emt 0:00:02]} Nxe4 {[%emt 0:00:13]} 29. fxe4 {[%emt 0:00:00]} Rc8 {[%emt 0:00:09]} 30. Bxb6+ {[%emt 0:00:02]} Ka8 {[%emt 0:00:01]} 31. Bxa5 {[%emt 0:00:00]} Bc6 {[%emt 0:00:01]} 32. Qb6 {[%emt 0:00:05]} Kb8 {[%emt 0:00:05]} 33. Rd1 {[%emt 0:00:05]} Rf8 {[%emt 0:00:07]} 34. Rd8+ {[%emt 0:00:01] Matanant resigns (Lag: Av=0.73s, max=1.4s)} 1-0

[Event "Stay Safe Play From Home 213"]
[Site "T#646679Emanuel Laske"]
[Date "2020.06.09"]
[Round "6"]
[White "Justwatch"]
[Black "Timbre"]
[Result "1-0"]
[WhiteElo "1269"]
[BlackElo "1660"]
[Annotator "NA RC"]
[PlyCount "83"]
[EventDate "2020.06.09"]
[EventType "swiss (blitz)"]

1. e4 {[%emt 0:00:04]} c6 {[%emt 0:00:07]} 2. Nc3 {[%emt 0:00:24]} d5 {[%emt 0:00:02]} 3. Nf3 {[%emt 0:00:00]} Bg4 {[%emt 0:00:03]} 4. exd5 {[%emt 0:00:01]} cxd5 {[%emt 0:00:02]} 5. Be2 {[%emt 0:00:00]} Bxf3 {[%emt 0:00:02]} 6. Bxf3 {[%emt 0:00:00]} e6 {[%emt 0:00:01]} 7. d4 {[%emt 0:00:00]} Nc6 {[%emt 0:00:02]} 8. Bf4 {[%emt 0:00:00]} Bd6 {[%emt 0:00:02]} 9. Bxd6 {[%emt 0:00:01]} Qxd6 {[%emt 0:00:02]} 10. O-O {[%emt 0:00:00]} Nf6 {[%emt 0:00:02]} 11. Re1 {[%emt 0:00:01]} O-O {[%emt 0:00:02]} 12. a3 {[%emt 0:00:03]} a6 {[%emt 0:00:02]} 13. Ne2 {[%emt 0:00:05]} Rad8 {[%emt 0:00:04]} 14. c3 {[%emt 0:00:01]} Na5 {[%emt 0:00:02]} 15. Ng3 {[%emt 0:00:01]} Nc4 {[%emt 0:00:02]} 16. Qc2 {[%emt 0:00:02]} b5 {[%emt 0:00:03]} 17. b3 {[%emt 0:00:01]} Nb6 {[%emt 0:00:07]} 18. Re3 {[%emt 0:00:03]} Rc8 {[%emt 0:00:05]} 19. Rae1 {[%emt 0:00:02]} h6 {[%emt 0:00:01]} 20. Qb2 {[%emt 0:00:03]} a5 {[%emt 0:00:04]} 21. Nh5 {[%emt 0:00:01]} Nxh5 {[%emt 0:00:03]} 22. Bxh5 {[%emt 0:00:00]} b4 {[%emt 0:00:02]} 23. axb4 {[%emt 0:00:02]} axb4 {[%emt 0:00:01]} 24. cxb4 {[%emt 0:00:00]} Qxb4 {[%emt 0:00:02]} 25. Qe2 {[%emt 0:00:19]} Nd7 {[%emt 0:00:02]} 26. Rxe6 {[%emt 0:00:05]} Nf6 {[%emt 0:00:04]} 27. Re5 {[%emt 0:00:02]} Qxd4 {[%emt 0:00:07]} 28. Bf3 {[%emt 0:00:02]} Rb8 {[%emt 0:00:07]} 29. Rb1 {[%emt 0:00:03]} Ne4 {[%emt 0:00:06]} 30. Bxe4 {[%emt 0:00:03]} dxe4 {[%emt 0:00:02]} 31. Rxe4 {[%emt 0:00:01]} Qd5 {[%emt 0:00:03]} 32. b4 {[%emt 0:00:02]} Qd7 {[%emt 0:00:11]} 33. h3 {[%emt 0:00:02]} Rfe8 {[%emt 0:00:02]} 34. Rxe8+ {[%emt 0:00:05]} Rxe8 {[%emt 0:00:02]} 35. Qc4 {[%emt 0:00:01]} Rb8 {[%emt 0:00:03]} 36. b5 {[%emt 0:00:01]} Qb7 {[%emt 0:00:03]} 37. Qc5 {[%emt 0:00:09]} Qd7 {[%emt 0:00:04]} 38. b6 {[%emt 0:00:05]} Qe6 {[%emt 0:00:02]} 39. Qc7 {[%emt 0:00:03]} Rc8 {[%emt 0:00:05]} 40. Qa7 {[%emt 0:00:05]} Qe4 {[%emt 0:00:08]} 41. Ra1 {[%emt 0:00:15]} Rc2 {[%emt 0:00:20]} 42. b7 {[%emt 0:00:03] Timbre resigns (Lag: Av=0.51s, max=0.9s)} 1-0

[Event "Stay Safe Play From Home 213"]
[Site "T#646679Emanuel Laske"]
[Date "2020.06.09"]
[Round "7"]
[White "Edmatuag"]
[Black "Lazieri3"]
[Result "0-1"]
[WhiteElo "1802"]
[BlackElo "1942"]
[Annotator "TA"]
[PlyCount "84"]
[EventDate "2020.06.09"]
[EventType "swiss (blitz)"]

{[%evp 9,84,56,133,103,112,104,116,104,147,141,177,150,162,92,250,56,64,47,62,44,128,146,140,61,64,64,68,-14,-13,-33,120,128,101,107,233,118,120,100,152,159,791,173,179,174,219,216,261,277,282,276,470,318,285,212,428,470,430,364,450,0,0,0,0,0,0,0,0,0,0,0,0,0,0,0,0,0,0]} 1. e4 d5 2. exd5 Nf6 3. c4 Bf5 4. d4 e6 5. dxe6 Bxe6 (5... fxe6 $14 6. Nc3 c5) 6. Nc3 {B01: Scandinavian Defence.} Bb4 {[#]} 7. Be3 $146 ({Predecessor:} 7. a3 Ba5 8. b4 Bb6 9. c5 Bxc5 10. dxc5 Qe7 11. Be2 Nc6 12. Nf3 O-O 13. O-O {1-0 (35) Asadli,V-Ongun,A Kayseri 2010}) 7... O-O 8. Bd3 {White is better.} c6 9. Nge2 Nbd7 10. O-O Ng4 11. Ne4 (11. Bf4 $18) 11... Qh4 $2 {[#]} (11... Nxe3 $16 {might work better.} 12. fxe3 f5) 12. h3 $2 (12. Bf4 $1 $18) 12... Nxe3 $14 13. fxe3 {aiming for Qb3.} f5 $1 {[%cal Rf5e4]} 14. N4g3 {[%cal Rd3f5]} Qg5 (14... g6 $1 $14) 15. Rf3 $16 Bd6 16. Nf4 ({Better is} 16. Qb3 $16) 16... Bxf4 $1 $14 17. exf4 Qf6 18. d5 (18. Ne2 $14) 18... cxd5 $11 19. cxd5 Bf7 $2 (19... Bxd5 $15 {stays ahead.} 20. Rf2 Be6) 20. Bxf5 $16 Nb6 21. Be6 Qxb2 (21... Bxe6 $16 22. dxe6 Qxe6) 22. Bxf7+ (22. Nh5 $18 Qb4 23. Rc1 Bxe6 24. dxe6) 22... Rxf7 23. d6 $36 {[%mdl 2048] White is in control.} Rd8 (23... Re8 $142) 24. Ne4 {Strongly threatening Rb3.} Rfd7 $2 (24... Qb4 $16) 25. Qb3+ $2 (25. Rb3 Rxd6 26. Nxd6 (26. Rxb2 Rxd1+ 27. Rxd1 Rxd1+ 28. Kf2 Rd7 $14)) 25... Qxb3 $18 26. axb3 a6 27. Rd3 Nc8 28. Rad1 h6 29. Kf2 Kf7 $2 (29... a5 30. Kf3 b6) 30. g4 b6 31. g5 a5 $2 (31... hxg5 32. Nxg5+ (32. fxg5 Ke6 $16) 32... Kg8) 32. gxh6 gxh6 33. Ke3 Ke6 {[%cal Rc8d6] [#]} 34. Rd4 $2 (34. Rd5 $1 $18) 34... Nxd6 $11 {The position is equal.} 35. Nxd6 Rxd6 {[%mdl 4096] Endgame KRR-KRR} 36. Re4+ Kf6 37. Rxd6+ Rxd6 {KR-KR} 38. Rc4 Ke6 39. Rc8 Kd5 40. Rf8 b5 41. f5 Ke5 42. Rb8 Rd5 {[%mdl 32768] Black escapes into a draw. Accuracy: White = 59%, Black = 44%. . Loss on time!?} 0-1

[Event "Stay Safe Play From Home 213"]
[Site "T#646679Emanuel Laske"]
[Date "2020.06.09"]
[Round "7"]
[White "Matanant"]
[Black "Justwatch"]
[Result "1-0"]
[WhiteElo "1696"]
[BlackElo "1300"]
[Annotator "NA RC"]
[PlyCount "95"]
[EventDate "2020.06.09"]
[EventType "swiss (blitz)"]

1. e4 {[%emt 0:00:03]} Nf6 {[%emt 0:00:00]} 2. e5 {[%emt 0:00:02]} Nd5 {[%emt 0:00:01]} 3. d4 {[%emt 0:00:01]} d6 {[%emt 0:00:02]} 4. c4 {[%emt 0:00:02]} Nb6 {[%emt 0:00:01]} 5. exd6 {[%emt 0:00:01]} cxd6 {[%emt 0:00:00]} 6. Nf3 {[%emt 0:00:02]} g6 {[%emt 0:00:00]} 7. Nc3 {[%emt 0:00:03]} Bg7 {[%emt 0:00:00]} 8. h3 {[%emt 0:00:03]} O-O {[%emt 0:00:00]} 9. Be3 {[%emt 0:00:02]} Nc6 {[%emt 0:00:01]} 10. b3 {[%emt 0:00:03]} a6 {[%emt 0:00:02]} 11. Bd3 {[%emt 0:00:05]} Nb4 {[%emt 0:00:02]} 12. Bb1 {[%emt 0:00:06]} Bd7 {[%emt 0:00:10]} 13. a3 {[%emt 0:00:03]} Nc6 {[%emt 0:00:01]} 14. O-O {[%emt 0:00:04]} Qc8 {[%emt 0:00:01]} 15. Kh2 {[%emt 0:00:17]} e5 {[%emt 0:00:06]} 16. dxe5 {[%emt 0:00:10]} dxe5 {[%emt 0:00:00]} 17. Be4 {[%emt 0:00:13]} f5 {[%emt 0:00:12]} 18. Bd5+ {[%emt 0:00:08]} Kh8 {[%emt 0:00:01]} 19. Ng5 {[%emt 0:00:08]} Nxd5 {[%emt 0:00:03]} 20. Qxd5 {[%emt 0:00:03]} Qe8 {[%emt 0:00:07]} 21. Rad1 {[%emt 0:00:12]} Rd8 {[%emt 0:00:35]} 22. Bb6 {[%emt 0:00:02]} f4 {[%emt 0:00:02]} 23. Bxd8 {[%emt 0:00:07]} Qxd8 {[%emt 0:00:00]} 24. Qxd7 {[%emt 0:00:04]} Qxg5 {[%emt 0:00:01]} 25. Ne4 {[%emt 0:00:04]} Qf5 {[%emt 0:00:02]} 26. f3 {[%emt 0:00:14]} Nd4 {[%emt 0:00:34]} 27. Qxb7 {[%emt 0:00:09]} Ne2 {[%emt 0:00:19]} 28. Qxa6 {[%emt 0:00:14]} Ng3 {[%emt 0:00:06]} 29. Rfe1 {[%emt 0:00:04]} Nxe4 {[%emt 0:00:02]} 30. fxe4 {[%emt 0:00:10]} Qg5 {[%emt 0:00:01]} 31. Rd3 {[%emt 0:00:03]} Qh4 {[%emt 0:00:02]} 32. Rf1 {[%emt 0:00:05]} Bh6 {[%emt 0:00:02]} 33. Qd6 {[%emt 0:00:15]} Bg7 {[%emt 0:00:12]} 34. c5 {[%emt 0:00:09]} g5 {[%emt 0:00:01]} 35. Qe6 {[%emt 0:00:07]} Rf6 {[%emt 0:00:05]} 36. Qg4 {[%emt 0:00:02]} Qh6 {[%emt 0:00:03]} 37. Rd8+ {[%emt 0:00:02]} Rf8 {[%emt 0:00:01]} 38. Rxf8+ {[%emt 0:00:03]} Bxf8 {[%emt 0:00:00]} 39. Rd1 {[%emt 0:00:03]} Be7 {[%emt 0:00:02]} 40. Rd7 {[%emt 0:00:03]} Qf6 {[%emt 0:00:01]} 41. b4 {[%emt 0:00:06]} h6 {[%emt 0:00:02]} 42. Qf5 {[%emt 0:00:13]} h5 {[%emt 0:00:06]} 43. Qxf6+ {[%emt 0:00:04]} Bxf6 {[%emt 0:00:00]} 44. c6 {[%emt 0:00:02]} g4 {[%emt 0:00:03]} 45. hxg4 {[%emt 0:00:02]} hxg4 {[%emt 0:00:01]} 46. c7 {[%emt 0:00:01]} Bh4 {[%emt 0:00:02]} 47. c8=Q+ {[%emt 0:00:02]} Bd8 {[%emt 0:00:03]} 48. Qxd8# {[%emt 0:00:02] (Lag: Av=0.67s, max=1.2s)} 1-0

[Event "Stay Safe Play From Home 213"]
[Site "T#646679Emanuel Laske"]
[Date "2020.06.09"]
[Round "7"]
[White "Timbre"]
[Black "EnigmaG"]
[Result "0-1"]
[WhiteElo "1630"]
[BlackElo "1478"]
[Annotator "NA RC"]
[PlyCount "45"]
[EventDate "2020.06.09"]
[EventType "swiss (blitz)"]

1. d4 {[%emt 0:00:07]} e6 {[%emt 0:00:00]} 2. Nf3 {[%emt 0:00:01]} d5 {[%emt 0:00:04]} 3. c3 {[%emt 0:00:01]} Nf6 {[%emt 0:00:03]} 4. Bf4 {[%emt 0:00:02]} Bd6 {[%emt 0:00:02]} 5. Bg3 {[%emt 0:00:02]} O-O {[%emt 0:00:06]} 6. e3 {[%emt 0:00:02]} Re8 {[%emt 0:00:01]} 7. Bd3 {[%emt 0:00:02]} Nc6 {[%emt 0:00:04]} 8. Qe2 {[%emt 0:00:01]} e5 {[%emt 0:00:01]} 9. dxe5 {[%emt 0:00:02]} Nxe5 {[%emt 0:00:02]} 10. Nxe5 {[%emt 0:00:01]} Bxe5 {[%emt 0:00:01]} 11. Nd2 {[%emt 0:00:01]} c5 {[%emt 0:00:36]} 12. Nf3 {[%emt 0:00:03]} Bxg3 {[%emt 0:00:14]} 13. hxg3 {[%emt 0:00:02]} d4 {[%emt 0:00:01]} 14. cxd4 {[%emt 0:00:04]} cxd4 {[%emt 0:00:03]} 15. Nxd4 {[%emt 0:00:01]} Qa5+ {[%emt 0:00:11]} 16. Kf1 {[%emt 0:00:02]} Bg4 {[%emt 0:00:08]} 17. Nf3 {[%emt 0:00:03]} Rad8 {[%emt 0:00:05]} 18. Rh4 {[%emt 0:00:04]} Qd5 {[%emt 0:00:30]} 19. Rd1 {[%emt 0:00:05]} Qxa2 {[%emt 0:00:03]} 20. Qc2 {[%emt 0:00:14]} h6 {[%emt 0:00:19]} 21. Re1 {[%emt 0:00:16]} Qa5 {[%emt 0:00:06]} 22. Bf5 {[%emt 0:00:10]} Bxf5 {[%emt 0:00:04]} 23. Nd4 {[%emt 0:00:09] Timbre resigns (Lag: Av=0.76s, max=1.8s)} 0-1